[Event "Dortmund Sparkassen op 47th"]
[Site "Dortmund"]
[Date "2019.07.21"]
[Round "9"]
[White "Stillger, Bernhard"]
[Black "Oltmanns, Jan"]
[Result "1/2-1/2"]
[WhiteElo "2199"]
[BlackElo "1970"]
[PlyCount "57"]
[EventDate "2019.07.13"]
[EventType "swiss"]
[EventRounds "9"]
[EventCountry "GER"]
[SourceTitle "EXT 2020"]
[Source "ChessBase"]
[SourceDate "2019.10.17"]
[SourceVersion "1"]
[SourceVersionDate "2019.10.17"]
[SourceQuality "1"]

1. d4 Nf6 2. c4 Nc6 3. Nf3 e6 4. g3 d5 5. Bg2 dxc4 6. Qa4 Bd7 7. Qxc4 b5 8. Qd3 Nb4 9. Qd1 Bc6 10. 0-0 Be7 11. Bg5 0-0 12. Nbd2 h6 13. Bxf6 Bxf6 14. Nb3 Rb8 15. a3 Na6 16. e3 Ba8 17. Qc2 Qe7 18. Rac1 Rfc8 19. Nc5 Nxc5 20. Qxc5 Qxc5 21. Rxc5 Be7 22. Rc2 Be4 23. Rcc1 Bxf3 24. Bxf3 c5 25. dxc5 Rxc5 26. Rxc5 Bxc5 27. Rc1 Bb6 28. Kf1 Kf8 29. Ke2 1/2-1/2

[Event "Dortmund Sparkassen op 47th"]
[Site "Dortmund"]
[Date "2019.07.15"]
[Round "3"]
[White "Manthei, Michael"]
[Black "Oltmanns, Jan"]
[Result "0-1"]
[WhiteElo "1935"]
[BlackElo "1970"]
[PlyCount "54"]
[EventDate "2019.07.13"]
[EventType "swiss"]
[EventRounds "9"]
[EventCountry "GER"]
[SourceTitle "EXT 2020"]
[Source "ChessBase"]
[SourceDate "2019.10.17"]
[SourceVersion "1"]
[SourceVersionDate "2019.10.17"]
[SourceQuality "1"]

1. d4 Nf6 2. h4 d5 3. b4 Bf5 4. e3 Nbd7 5. Bb2 e6 6. a3 Nb6 7. Bd3 c6 8. c3 Bd6 9. Ne2 0-0 10. Bc1 Re8 11. f3 Bxd3 12. Qxd3 e5 13. dxe5 Bxe5 14. g4 Qe7 15. Kf2 a5 16. g5 Nfd7 17. f4 axb4 18. fxe5 Nxe5 19. Qd4 c5 20. Qd2 b3 21. Rh3 Nbc4 22. Qxd5 Rad8 23. Qh1 Nd3+ 24. Kg2 Nxc1 25. Nxc1 Nxe3+ 26. Rxe3 Qxe3 27. Nxb3 Qe4+ 0-1

[Event "Ruhrgebiet Verbandsklasse Gruppe 3 1819"]
[Site "Nordrheinwestfalen"]
[Date "2019.02.03"]
[Round "6.1"]
[White "Oltmanns, Jan"]
[Black "Werschmoeller, Thomas"]
[Result "1-0"]
[WhiteElo "1951"]
[BlackElo "1847"]
[PlyCount "97"]
[EventDate "2018.09.23"]
[EventType "team-tourn"]
[EventRounds "9"]
[EventCountry "GER"]
[SourceTitle "EXT 2022"]
[Source "ChessBase"]
[SourceDate "2021.10.06"]
[SourceVersion "1"]
[SourceVersionDate "2021.10.06"]
[SourceQuality "1"]
[WhiteTeam "Muelheim Nord IV"]
[BlackTeam "Witten"]
[WhiteTeamCountry "GER"]
[BlackTeamCountry "GER"]

1. e4 c6 2. d4 d5 3. exd5 cxd5 4. Bf4 Nc6 5. c3 Nf6 6. Nf3 Qb6 7. Qb3 Qxb3 8. axb3 Bf5 9. b4 Nh5 10. Be3 e6 11. b5 Na5 12. Rxa5 Bxb1 13. b6 a6 14. b4 Bd6 15. b5 0-0 16. bxa6 bxa6 17. b7 Ra7 18. Rxa6 Rxa6 19. Bxa6 Bc2 20. Kd2 Ba4 21. Ra1 Bd7 22. Ne5 Nf6 23. f3 Rb8 24. Bg5 Be8 25. Kc2 Kf8 26. Bc1 Ng8 27. c4 f6 28. c5 Bxe5 29. dxe5 Bc6 30. Bf4 f5 31. Bd2 Ke8 32. Bb5 Kd7 33. Ra8 Rxb7 34. Bxc6+ Kxc6 35. Rxg8 Kxc5 36. Re8 Rb6 37. Be3+ d4 38. Rc8+ Kb4 39. Bxd4 Ra6 40. Kd3 Kb5 41. Rc7 g5 42. Rxh7 Ra2 43. Rb7+ Kc6 44. Rb2 Ra3+ 45. Ke2 Kd5 46. Rd2 Kc4 47. Be3 f4 48. Rd4+ Kc3 49. Rd3+ 1-0